New principles in the compounding of natural rubber for improved hysteresial properties (Record no. 46417)

MARC details
000 -LEADER
fixed length control field 00396nam a2200121Ia 4500
100 ## - MAIN ENTRY--AUTHOR NAME
Personal name Holley M
245 #0 - TITLE STATEMENT
Title New principles in the compounding of natural rubber for improved hysteresial properties
260 ## - PUBLICATION, DISTRIBUTION, ETC. (IMPRINT)
Name of publisher International Rubber Conference, Rubber 73, 17-20 September 1973, Prague
Year of publication 1973
300 ## - PHYSICAL DESCRIPTION
Number of Pages 15p
700 ## - ADDED ENTRY--PERSONAL NAME
Personal name Smith JF
942 ## - ADDED ENTRY ELEMENTS (KOHA)
Koha item type Reprints
Holdings
Withdrawn status Lost status Damaged status Not for loan Home library Current library Date acquired Koha item type
      Reprints RRII Library RRII Library 22/12/2021 Reprints